Представление документа в формате RUSMARC

ПолеНазваниеЗначение
  Тип записи a
  Библиографический уровень a
001 Контрольный номер RU/УОНБ/EK_KRAY/320902369
005 Дата корректировки 20250324122453.1
100 Данные общей обработки __
a Данные общей обработки 20041229d2004 u u0rusy0103 ba
101 Язык документа 0_
a Язык текста rus
200 Заглавие и сведения об ответственности 1_
a Заглавие Реализация концепции единого счета федерального казначейства в Ульяновской области
f Первые сведения об ответственности А.Ю. Пантелеев
210 Выходные данные 1_
d Дата издания 2004
330 Аннотация __
a Аннотация Авт.-рук. Управления федерального казначейства Мин-ва финансов РФ по Ульян. области.
461 Уровень набора _0
1 2001
a Финансы
463 Уровень физической единицы _0
1 2000
a N12.
v С. 15-17.
1 210
d 2004
607 Географические рубрики 0_
a Географическое наименование Ульяновская область
610 Ключевые слова 0_
a Ключевые слова казначейство
686 Индексы других классификаций __
a Классификационный индекс 67.62
2 Код системы rubbk
700 Автор _1
a Фамилия Пантелеев
b Имя (инициалы) А.Ю.
801 Источник записи _0
a Страна RU
b Организация Ульяновская ОНБ
c Дата составления 20041229
g Правила каталогизации PSBO
801 Источник записи _1
a Страна RU
b Организация Ульяновская ОНБ
c Дата составления 20041229
901 Тип документа __
t Тип документа b
938 Служебная информация __
a Имя БД kraeved_work
b Имя библиотеки УОНБ
c Имя АИБС МАРК-SQL
d Номер DOC_ID в БД 46276